1423 1910 1462 1476 1850 1928 1196 1408 1129 1196 1365 1390 1594 1634 1257 1379 1988 1165 1494 1569 1150 1654 1290 1995 1137 1758 1875 1056 1991 1576 1721 1928 1243 1158 1735 1081 1223 1231 1797 1934 1416 1437 1841 1759 1184 1077 1290 1615 1097 1270 1500 1718 1086 1237 1175 1818 1863 1882 1749 1533 1976 1839 1615 1798 1226 1545 1419 1449 1212 1388 1857 1979 1461 1421 1501 1142 1564 1741 1435 1891 1607 1387 1699 1531 1522 1298 1125 1097 1137 1796 1472 1114 1921 1215 1395 1016 1543 1026 1240 BCNSPRNW ULIB Ver.6.0+V

เปลี่ยนเป็นภาษาไทย

Change to English
 แสดงรายละเอียดบรรณานุกรม
  กลับหน้าหลัก

Brief Record : Get Marc (ISO 2709) : E-mail record : QR code < ปิดหน้าต่าง
LEADER : 00000nam 2200000uu 4500
001    13399112336
003     ULIB
008    110425s2543||||th 000 0 tha d
020    97429378
060 04 QZ40^bว790พ 2543
100 0  วิสิทธิ์ อวิรุทร์นันท์
245 10 พยาธิวิทยาระบบประสาท /^cวิสิทธิ์ อวิรุทร์นันท์
250    พิมพ์ครั้งที่ 1
260    นนทบุรี :^bโครงการสวัสดิการวิชาการ สถาบันพระบรมราชชนก,^c2543
300    154 หน้า
650  7 ประสาท^xพยาธิวิทยา
945    ^p0^l0^i012903
945    ^p0^l0^i012904
945    ^p0^l0^i012905
995    ทศพร
999 ^a ใช้งานได้ทุกระบบ
รายการนี้ยังไม่มีแท็ก
คุณยังไม่ได้ล็อกอิน คุณสามารถมีกิจกรรมร่วมกับเว็บไซต์ได้ แต่ต้องล็อกอินก่อน ::
  ล็อกอิน

รายการสื่อสารสนเทศ

ลำดับที่ ประเภท เลขเรียก/บาร์โค้ด สถานที่ สถานะ
- ไม่พบข้อมูล -

รายการใกล้เคียง
    ผู้แต่ง [วิสิทธิ์ อวิรุทร์นันท์]

BibComment


ยังไม่เคยถูกคอมเมนท์

คอมเมนท์ทรัพยากรรายการนี้
  คอมเมนท์: พยาธิวิทยาระบบประ..


 Copyright 2026. Bcnsprnw @Library